Loading...
| Mythology | 1 | 5 | 0 | 2 | 65 | 22 | 118.17 | 5 | 6 | 0.00 | 0.00 |
| Fine Arts - Other | 1 | 6 | 2 | 0 | 65 | 95 | 131.57 | 4 | 7 | 0.00 | 0.00 |
| Other Academic | 2 | 3 | 0 | 1 | 60 | 74 | 103.60 | 2 | 5 | 0.00 | 0.00 |
| Fine Arts - Painting and Sculpture | 1 | 4 | 1 | 0 | 50 | 60 | 90.80 | 3 | 5 | 0.00 | 0.00 |
| Literature - Poetry | 0 | 5 | 0 | 0 | 50 | 109 | 134.40 | 0 | 5 | 0.00 | 0.00 |
| Religion | 1 | 3 | 0 | 1 | 45 | 49 | 101.00 | 3 | 4 | 0.00 | 0.00 |
| Science - Biology | 1 | 3 | 0 | 1 | 45 | 60 | 104.00 | 3 | 4 | 0.00 | 0.00 |
| Social Science | 0 | 4 | 0 | 3 | 40 | 91 | 130.75 | 0 | 4 | 0.00 | 0.00 |
| History - World | 0 | 5 | 2 | 1 | 40 | 75 | 100.20 | 2 | 5 | 0.00 | 0.00 |
| Literature - Drama | 0 | 4 | 0 | 0 | 40 | 110 | 127.75 | 1 | 4 | 0.00 | 0.00 |
| Current Events | 1 | 2 | 1 | 1 | 30 | 25 | 77.33 | 0 | 3 | 0.00 | 0.00 |
| History - European | 1 | 1 | 0 | 0 | 25 | 72 | 89.50 | 2 | 2 | 0.00 | 0.00 |
| History - American | 0 | 3 | 1 | 2 | 25 | 132 | 137.33 | 0 | 3 | 0.00 | 0.00 |
| Geography | 1 | 2 | 3 | 1 | 20 | 66 | 102.00 | 1 | 3 | 0.00 | 0.00 |
| History - Other | 0 | 2 | 0 | 2 | 20 | 126 | 139.00 | 0 | 2 | 0.00 | 0.00 |
| Fine Arts - Classical Music | 0 | 2 | 0 | 0 | 20 | 105 | 132.50 | 0 | 2 | 0.00 | 0.00 |
| Science - Chemistry | 0 | 2 | 0 | 1 | 20 | 113 | 132.50 | 0 | 2 | 0.00 | 0.00 |
| Short Fiction and Other | 0 | 2 | 0 | 0 | 20 | 92 | 102.50 | 1 | 2 | 0.00 | 0.00 |
| Literature - Short Fiction | 0 | 1 | 0 | 1 | 10 | 153 | 153.00 | 0 | 1 | 0.00 | 0.00 |
| Philosophy | 0 | 1 | 0 | 0 | 10 | 116 | 116.00 | 0 | 1 | 0.00 | 0.00 |
| Science - Other | 0 | 1 | 0 | 0 | 10 | 117 | 117.00 | 1 | 1 | 0.00 | 0.00 |
| Literature - Long Fiction | 0 | 1 | 1 | 0 | 5 | 103 | 103.00 | 1 | 1 | 0.00 | 0.00 |